| 000 | 01931nkc a2200301za 4500 | ||
|---|---|---|---|
| 001 | 84538 | ||
| 003 | OSt | ||
| 005 | 20260421113949.0 | ||
| 007 | kh boc | ||
| 008 | 250410s19001909sp ||||| ||||||0| i|spa d | ||
| 040 |
_cM-RABA _aM-RABA _bspa |
||
| 100 |
_aVidal Fernández, Eduardo _d(1867-1920) _9111180 |
||
| 245 | 1 | 1 |
_a[Torre mudéjar del Salvador _b: Teruel] _c/ Eduardo Vidal Fernández _h[Material gráfico] |
| 260 |
_aCalatayud _b; Encuentro, 4. E. Vidal _c, [1900 - 1909] |
||
| 300 |
_a2 fotografías _b: gelatina _c; imagen 16,5 x 22,5 cm _c; soporte secundario 24 x 33 cm |
||
| 500 | _aConjunto de dos fotografías que representan vistas de la torre de El Salvador, en Teruel, desde diferentes calles y ángulos. | ||
| 500 | _aMontadas sobre soporte secundario de cartón, con orla y sello gofrados en relieve. En la parte inferior aparece el sello del fotógrafo y la localización del estudio en dorado. | ||
| 500 | _aAl pie, sobre el soporte "E. Vidal, Encuentro, 4, Calatayud" | ||
| 500 | _aLas fotografías presentan un cierto desvanecimiento y decoloración de la imagen. | ||
| 500 | _aFechas tomadas del periodo del estudio que tuvo abierto en Calatayud. Información obtenida de Pérez Sánchez, A. (2013), “Zoom a los fotógrafos de Teruel”, Teruel en el cambio de siglo. Fotografía de Jaime Fernández Fuertes (1852-1928), Instituto de Estudios Turolenses. Teruel. | ||
| 610 | 2 | 7 |
_aTorre de San Salvador ( _cTeruel, España) _910153 |
| 651 | 7 |
_aTeruel _2embne _975543 |
|
| 655 | 0 |
_aFotografías de monumentos _9111580 |
|
| 852 | _jFot-594 ; Fot-595 | ||
| 856 |
_3Fot-594 _uhttps://archivoybiblioteca.realacademiabellasartessanfernando.com/cgi-bin/koha/opac-retrieve-file.pl?id=72936a84696c288ad0425bc90002f03c |
||
| 856 |
_3Fot-595 _uhttps://archivoybiblioteca.realacademiabellasartessanfernando.com/cgi-bin/koha/opac-retrieve-file.pl?id=42708bc59f5275867b3b625837546fab |
||
| 942 |
_2ddc _cFOTOGRAFÍA _n0 |
||
| 999 |
_c84538 _d84538 |
||